04167cam a22018134i 4500003000900000005001700009008004100026020001500067020001800082035002000100040003300120049000900153082001900162100003900181245008100220300005500301336002100356337002500377338002300402505021600425526000900641526000900650526001000659526001000669526001000679526001000689526001000699526001000709526001000719526001000729526001000739526001000749526001000759526001000769526001000779526001000789526001000799526001000809526001000819526001000829526001000839526001000849526001000859526001000869526001000879526001000889526001000899526001000909526001000919526001000929526001000939526001000949526001000959526001000969526001000979526001000989526001000999526001001009526001001019526001001029526001001039526001001049526001001059526001001069526001001079526001001089526001001099526000901109526000901118526000901127526000901136526000901145526000901154526000901163526000901172526000901181526000901190526000901199526000901208526000901217526000901226526000901235526000901244526000901253526000901262526000901271526000901280526000901289526000901298526000901307526000901316526000901325526000901334526000901343526000901352526000901361526000901370526000901379526000901388526001001397526000901407526000901416526000901425526000901434526000901443526000901452526000901461526000801470526000801478526000801486526000801494526000801502526000801510526000801518526000801526526000801534526000801542526000801550526000801558526000801566526000801574526000901582526000801591526000801599526000801607526000801615526000801623526000901631526000801640526000801648526000801656526000801664526000801672526000901680526000801689526000801697526000901705526000801714526000801722526000801730526000801738650001601746650002901762650002701791650002901818910002801847942001401875994001401889596000601903999017801909264004002087980005502127952017102182PE-LiUPU20250813165546.0190923s2003 pe a r 000 0 spa d a997297703X a9789972977039 a(Sirsi) a252565 aPE-LiUPUbspacPE-LiUPUerda aPRUA04a638.1bS212231 aSánchez Reyes, Cristian,eautor.10aCrianza y producción de abejas :bapicultura /cCristian Sánchez Reyes. a134 páginas :bilustraciones ;c21 centímetros atext2rdacontent aunmediated2rdamedia avolume2rdacarrier0 aLas abejas -- Anatomía de la abeja -- Apicultura -- Productos -- La Miel -- Jalea real -- El polen -- Propóleos o Propolis -- La cera -- La apitoxina -- La Apiterapia -- Calendario apícola -- Enfermedades. aP203 aP200 aSEG65 aSEG64 aSEG63 aSEG62 aSEG61 aSEG60 aSEG59 aSEG58 aSEG57 aSEG56 aSEG55 aSEG54 aSEG53 aSEG52 aSEG51 aSEG50 aSEG49 aSEG48 aSEG47 aSEG46 aSEG24 aSEG23 aSEG22 aSEG21 aSEG20 aSEG19 aSEG18 aSEG17 aSEG16 aSEG14 aSEG13 aSEG12 aSEG11 aSEG10 aSEG09 aSEG06 aSEG05 aSEG04 aSEG03 aSEG02 aSEG68 aSEG66 aSEG45 aSEG25 aSEG01 aP163 aP162 aP161 aP160 aP159 aP158 aP157 aP156 aP155 aP154 aP153 aP152 aP151 aP150 aP149 aP142 aP141 aP140 aP139 aP138 aP137 aP132 aP131 aP130 aP126 aP125 aP124 aP123 aP115 aP122 aP121 aP116 a P114 aP112 aP111 aP104 aP103 aP102 aP101 aP100 aP96 aP95 aP93 aP92 aP91 aP88 aP83 aP82 aP79 aP78 aP75 aP74 aP71 aP69 a P51 aP49 aP48 aP47 aP33 aP31 a P30 aP29 aP27 aP26 aP25 aP24 a P22 aP10 aP09 a P08 aP06 aP05 aP04 aP0104aApicultura.04aAbejasxClasificación.04aAlimentos para abejas.04aProductos de las abejas. abgrbkslcksld20190923 2ddccBOOK aC0bPEPRU a1 a638.1 S21wDEWEYc31793i80670f2021-11-9g3lCCODEBUL1mBULp15.00r0sYtBOOKu2019-9-23xINGENIERIAPP240DONACIONo.STAFF. Colección Ingeniería y Arquitecturad31793 aPerú :bEdiciones Ripalme,c2003. 81gALBERTO SANCHEZ Responsable de Automatización r2025-12-03 00:00:00i4l0o638.1 S21p80670te1v20.00w2019-09-23xFIAyBKzinventario-2023-12-13102ddc50708GENfP24aBULbBULcGENd2019-09-23eDONACIONg15.00